000 00624nam a2200229Ia 4500
003 OSt
005 20220926014723.0
006 a|||||r|||| 00| 0
007 ta
008 220923b |||||||| |||| 00| 0 eng d
037 _cGeneral Book
040 _aRTL
_cRTL
_beng
041 _2eng
_aeng
082 _aX:8E, L7
100 _aMatthews Lawrence M
_913526
245 0 _aPractical operating budgeting
260 _aNew York
_bMcgraw-Hill USA
_c1977
300 _axiii, 238p.
_ccm.
650 _aBudgetting
_9233954
942 _hX:8E, L7
_cGB
_2CC
999 _c629699
_d629699